10 to 1: Dogs Quiz Stats

 Plays Quiz Updated May 17, 2020

Support Sporcle.
Go Orange.
Score 0/55 Timer 07:00
1 Play Today
% Correct
101 Dalmatians
88.6%
The Adventures of Milo and Otis
87.8%
Lady and the Tramp
87.5%
Homeward Bound
85%
Turner & Hooch
83.3%
Scottish
81.7%
Beethoven
81.6%
Pedigree
81.6%
Golden Retriever
81.4%
Canis Lupus Familiaris
81.1%
Because of Winn-Dixie
80.7%
German Shepherd
80.1%
Iams
79.9%
Labrador Retriever
79.6%
Friendliness
77.9%
Snoopy
77.8%
Gentleness
77%
Intelligence
76.4%
(English) Bulldog
75.4%
French Bulldog
74.3%
West Highland
74.1%
Royal Canin
73.6%
Loyalty
73.3%
Alpo
72.8%
Blue Buffalo
72.6%
Hill's
72.6%
Airedale
72.4%
Miniature
72.1%
% Correct
Dogbert
71.8%
Beagle
71.6%
Parson 'Jack' Russell
71.2%
Odie
70.8%
Bull
70.3%
Sporting
69.3%
Standard
67.7%
Working
66.4%
Mighty Dog
66.1%
Fox
65.9%
Giant
65.1%
Non-Sporting
64.9%
Buddy
63.1%
Cesar
62.5%
Australian
61.7%
Terrier
60.8%
Herding
59.9%
Bolt
59.8%
Norwich
58.7%
Hound
58.6%
Border
57.8%
Otto
52.8%
Toy
52.5%
Skye
49.4%
Old Yeller
48.5%
Millie
40.2%
Daisy
39.3%

You're not logged in!

Compare scores with friends on all Sporcle quizzes.
OR
Log In

From the Vault

Movie Cast Match (1991)

by MasterKGlas

If this quiz doesn't make you feel old, we don't know what will.
Remove Ads.
Support Sporcle.
Get the best of Sporcle when you Go Orange. This ad-free experience offers more features, more stats, and more fun while also helping to support Sporcle. Thank you for becoming a member.

Show Comments

Extras

Top Quizzes Today


Score Distribution

Your Account Isn't Verified!

In order to create a playlist on Sporcle, you need to verify the email address you used during registration. Go to your Sporcle Settings to finish the process.

Report this User

Report this user for behavior that violates our Community Guidelines.

Details: